| 000 | 00485nam a2200169Ia 4500 | ||
|---|---|---|---|
| 999 |
_c29608 _d29608 |
||
| 003 | OSt | ||
| 005 | 20201224121949.0 | ||
| 008 | 190216s9999||||xx |||||||||||||| ||und|| | ||
| 040 | _coclc | ||
| 082 |
_a910 _bNAI/H |
||
| 100 |
_aNair, E A Karunakaran _97855 |
||
| 245 | 0 |
_aHimalayathinte Nerukayil / _cE A Karunakaran Nair |
|
| 260 |
_bGrand Books, _aKottayam: _c2009. |
||
| 300 | _a96p | ||
| 650 | _aYathravivaranam | ||
| 942 |
_cBK _2ddc _h910 _iNAI/H _k910 _mNAI/H |
||